| 000 | 01218nam a2200229Ia 4500 | ||
|---|---|---|---|
| 001 | A085-34681 | ||
| 003 | IT-CnALBA | ||
| 008 | 170116s9999||||xx |||||||||||||| ||und|| | ||
| 040 |
_aIT-CnALBA _cIT-CnALBA |
||
| 041 | _aITALIANO | ||
| 100 | _aBOSSUET JACQUES-BENIGNE VESCOVO DI MEAUX | ||
| 245 | 0 | _aOPERE DI BOSSUET. SERMONI TOMO LVII. VOL. III. | |
| 250 | _a1a ed. | ||
| 260 |
_a VENEZIA _bZERLETTI PIETRO (PRESSO) _c1800 [1° Ed.:1800] |
||
| 300 | _a264 p. | ||
| 500 | _aSERMONI PER LA SECONDA DOMENICA DOPO L'EPIFANIA. PER LA TERZA QUARTA QUINTA. SERMONI PER LA DOMENICA SETTUAGESIMA E QUINQUAGESIMA. PER IL TEMPO DEL GIUBILEO. DUE SERMONI SULLA PRESENTAZIONE AL TEMPIO. TRE SERMONI PER LA PRIMA DOMENICCA DI QUARESIMA. | ||
| 501 | _aSocietà San Paolo EM - Piazza San Paolo, 14 - 12051 ALBA (CN) (non commercial uses only) ® Copyright 2017 | ||
| 520 | _aSERMONI PER LA SECONDA DOMENICA DOPO L'EPIFANIA. PER LA TERZA QUARTA QUINTA. SERMONI PER LA DOMENICA SETTUAGESIMA E QUINQUAGESIMA. PER IL TEMPO DEL GIUBILEO. DUE SERMONI SULLA PRESENTAZIONE AL TEMPIO. TRE SERMONI PER LA PRIMA DOMENICCA DI QUARESIMA. | ||
| 650 | _aRACCOLTE DI CARATTERE GEN. IN ITALIANO | ||
| 942 | _cBK | ||
| 957 | _71 | ||
| 999 |
_a39450 _bSI _g Copie: 1 _c293514 _d293514 |
||